عرض عادي
عرض مارك
- اليحيى، أحمد
مدخل إسم شخص
001 - رقم الضبط
- حقل الضبط: 49440
003 - معرف رقم الضبط
- حقل الضبط: OSt
005 - تاريخ ووقت أخر عملية
- حقل الضبط: 20150727041714.0
008 - عناصر بيانات ثابتة الطول
- حقل تحكم ثابت الطول: 150727|| aca||aabn | a|a d
040 ## - مصدر الفهرسة
- هيئة الفهرسة الأصلية: OSt
- وكالة الكتابة: OSt
100 ## - مدخل -- أسم شخص
- إسم شخص: اليحيى، أحمد
670 ## - بيانات المصدر موجوده
- الاستشهاد بالمصدر: Work cat.: (OSt): اليحيى، أحمد, المفاهيم الفيزيائية والكيميائية /, 2014.
